000 00862nam a22002417a 4500
999 _c21662
_d21662
003 AR-CdUCM
008 190319b ||||| |||| 00| 0 spa d
020 _a9789681684440
040 _aMUNICIPALIDAD PROVINCIAL DEL CUSCO
_cBIBLIOTECA MUNICIPAL DEL CUSCO
082 _a508.2/R21
_bR21
100 _aReséndiz Núñez, Daniel
_945708
245 _aEl rompecabezas de la ingeniería :
_bpor qué y cómo se transforma el mundo /
_cDaniel Reséndiz Núñez
260 _aMéxico ;
_bFCE,
_bConacyt,
_c2013.
300 _a393 Páginas. :
_c21 cm.
440 _aLa Ciencia para todos,
_n215.
_945709
650 _aIngeniería
_910043
650 _aCiencia e ingeniería
_945710
650 _aHumanismo e ingeniería
_945711
650 _aÉtica e ingeniería
_945712
710 _aSecretaría de educación pública
_917942
942 _2ddc
_cLIBROS
945 _aRoel